000 00320nam a2200121Ia 4500
005 20251222144855.0
008 251222s9999||||xx |||||||||||||| ||spa||
082 _a398.01/S29
100 _aSchwab, Federico
245 0 _aTeoría e Investigación del Folklore
264 _bUniversidad Mayor de San Marcos
942 _cLIB
999 _c21750
_d21750